| 000 | 01130cam a22002891a 4500 | ||
|---|---|---|---|
| 999 |
_c1157 _d1157 |
||
| 001 | 172835 | ||
| 003 | OSt | ||
| 005 | 20220803092451.0 | ||
| 008 | 040803s1956 nyua j 000 1 eng | ||
| 020 | _a0060214813 | ||
| 020 |
_a0064402002 (pbk.) : _cUS |
||
| 020 | _a9780064402002 | ||
| 040 |
_aDLC _cDLC _dJFT _dNHU _dKH8 |
||
| 043 | _aa-cc--- | ||
| 082 | 0 | 0 | _aFIC DEJ |
| 100 | 1 |
_aDe Jong, Meindert, _d1910- _eAuthor |
|
| 245 | 1 | 4 |
_aThe house of sixty fathers. / _cPictures by Maurice Sendak. |
| 260 |
_aNew York : _bHarper, _cc1956. |
||
| 300 |
_a189 p. : _billus. ; _c20 cm. |
||
| 520 | _aAlone in a sampan with his pig and three ducklings, a little Chinese boy is whirled down a raging river, back to the town from which he and his parents had escaped the invading Japanese, and spends long and frightening days regaining his family and new home. | ||
| 650 | 1 |
_aWorld War, 1939-1945 _xFiction. |
|
| 650 | 0 |
_aWorld War, 1939-1945 _zChina _xJuvenile fiction. |
|
| 650 | 0 |
_aSino-Japanese Conflict, 1937-1945 _zChina _xJuvenile fiction. |
|
| 651 | 1 |
_aChina _xFiction. |
|
| 700 | 1 |
_aSendak, Maurice _eillustrator |
|
| 942 |
_2ddc _cFIC |
||